000 00339nam a2200157Ia 4500
008 210210b1949 xxu||||| |||| 00| 0 eng d
041 _aeng
082 _a532/55
100 _aNELKON (M)
245 _aHeat
260 _aLondon
_bBlackie and Son Limited
_c1949
300 _a240
650 _aHeat
690 _aHeat
906 _a008420
999 _c126300
_d126300